000 00608nam a2200181 i 4500
001 143786
003 ES-MaACL
005 20230906200859.0
007 t|
008 070214s1959 sp r ||||1| spa d
100 1 _aSevilla Merino, Amparo.
_9105940
245 1 0 _aJoaquín María López /
_cAmparo Sevilla Merino.
260 _aAlicante :
_bDiputación Provincial,
_c1959 (
_fSucesores de Such)
300 _a96 p. :
_bil. = retr. biogr. ;
_c21 cm.
600 0 4 _aLópez, Joaquín María.
_973338
710 1 _aAlicante (Provincia).
_bDiputación Provincial.
_91336
852 _aES-MaACL
_jC-17715
_bR.45944
999 _c143786
_d143786